| 000 | 00599cam a2200205 4500500 | ||
|---|---|---|---|
| 005 | 20260405003700.0 | ||
| 041 | _afre | ||
| 042 | _adc | ||
| 100 | 1 | 0 |
_aDurand, Jean-Marie _eauthor |
| 245 | 0 | 0 | _aLa Révolution démocratique verte |
| 260 | _c2023. | ||
| 500 | _a14 | ||
| 690 | _aChantal Mouffe | ||
| 690 | _aDémocratie | ||
| 690 | _aÉgalité | ||
| 690 | _aPassions | ||
| 690 | _aPeuple | ||
| 786 | 0 | _nPhilosophie magazine | 168 | 4 | 2023-04-01 | p. 72-72 | 1951-1787 | |
| 856 | 4 | 1 | _uhttps://shs.cairn.info/magazine-philosophie-magazine-2023-4-page-72?lang=fr&redirect-ssocas=7080 |
| 999 |
_c2069832 _d2069832 |
||